| 000 | 00367 a2200133 4500 | ||
|---|---|---|---|
| 028 |
_aLahore _bSuhail Academy |
||
| 090 |
_c5816 _d5816 |
||
| 100 | _aEarly Sufi Women | ||
| 245 |
_aEarly Sufi Women _bDhikr an niswa al muta abbidat a sufiyyyat |
||
| 260 |
_aLahore _bSuhail Academy _c2005 |
||
| 300 | _a334 p. | ||
| 500 | _aHard Cover | ||
| 942 |
_aNBS _cBK _k297.4092 COR |
||
| 999 |
_c348215 _d348215 |
||